Las antiguas misiones de la Tarahumara /
Estudio que describe la extensión del sistema de misiones de los jesuitas al territorio de los tarahumaras, en el actual estado de Chihuahua, en el periodo comprendido desde 1639 hasta la expulsión de la orden religiosa de los dominios españoles en 1767.
Uloženo v:
| Hlavní autor: | |
|---|---|
| Další autoři: | |
| Médium: | Kniha |
| Jazyk: | španělština |
| Vydáno: |
México :
Jus,
1958, c1958
|
| Edice: | (Figuras y Episodios de la Historia de México ;
56, 57) |
| Témata: | |
| Tagy: |
Žádné tagy, Buďte první, kdo vytvoří štítek k tomuto záznamu!
|
MARC
| LEADER | 00000nam^a2200000^a^4500 | ||
|---|---|---|---|
| 001 | 000109169 | ||
| 005 | 20250521000000.0 | ||
| 009 | 20260526122438.543 | ||
| 037 | |a Acervo ITESO - Biblioteca | ||
| 041 | |a ESP | ||
| 082 | |a 972. 1603 |b DUN | ||
| 100 | |a Dunne, Peter Masten |e (autor) | ||
| 245 | 1 | 4 | |a Las antiguas misiones de la Tarahumara / |c P.M. Dunne ; pról. de G. Decorme ; tr. por Manuel Ocampo. |
| 264 | 4 | |a México : |b Jus, |c 1958, c1958 | |
| 300 | |a 2 v. (354 p.) | ||
| 336 | |a texto |b txt |2 rdacontenido | ||
| 337 | |a sin mediación |b n |2 rdamedio | ||
| 338 | |a volumen |b nc |2 rdasoporte | ||
| 440 | 1 | |a (Figuras y Episodios de la Historia de México ; |v 56, 57) | |
| 500 | |a Traducción de: Early Jesuit Missions in Tarahumara | ||
| 501 | |a Encuadernación particular | ||
| 520 | |a Estudio que describe la extensión del sistema de misiones de los jesuitas al territorio de los tarahumaras, en el actual estado de Chihuahua, en el periodo comprendido desde 1639 hasta la expulsión de la orden religiosa de los dominios españoles en 1767. | ||
| 649 | |a XX | ||
| 650 | |a Jesuitas en Chihuahua - |x Historia - |x Tema Principal | ||
| 650 | |a Jesuitas en México - |x Historia | ||
| 650 | |a Tarahumaras - |x Historia | ||
| 650 | |a Indígenas de México - |x Historia | ||
| 650 | |a Misiones - |z Tarahumara (Sierra) - |x Historia - |x Tema Principal | ||
| 650 | |a Misiones - |z Chihuahua - |x Historia | ||
| 650 | |a Misiones - |z México - |x Historia | ||
| 650 | |a Evangelización - |z Chihuahua - |x Historia | ||
| 650 | |a Evangelización - |z México - |x Historia | ||
| 650 | |a Chihuahua - |x Historia - |y Virreinato, 1535-1821 | ||
| 650 | |a Chihuahua - |x Historia - |y Epoca Colonial, 1517-1821 | ||
| 650 | |a México - |x Historia - |y Virreinato, 1535-1821 | ||
| 650 | |a México - |x Historia - |y Epoca Colonial, 1517-1821 | ||
| 700 | |a Decorme, Gerardo |e (prólogo) | ||
| 910 | |a Fondo Salvador Reynoso Reynoso | ||
| 920 | |a Impresos - Libros | ||
| 930 | |a Fondos Especiales | ||
| 905 | |a 112 | ||
| 901 | |a 0500045359 |b IT2 |c ESP |u 20250521 | ||
| 901 | |a 0500045356 |b IT2 |c ESP |u 20250521 | ||
| 902 | |a https://opac.biblio.iteso.mx/vufind/Record/000109169 | ||